000 010220000a22002530004500
003 EG-GICUC
005 20250223030055.0
008 090930s1970 ua f m 000 0 ara d
040 _aEG-GiCUC
_bara
_cEG-GiCUC
041 0 _aara
049 _aايداع
097 _aدكتوراه
099 _aCai01.02.06.Ph.D.1970.مح.ش
100 0 _aمحمد سامى بدراوى عويضة
245 1 0 _aشعر البارودى واثره فى الشعر العربى الحديث /
_cمحمد سامى بدراوى عويضة ؛ اشراف سهير القلماوى
260 _aالقاهرة :
_bمحمد سامى بدراوى عويضة :
_c1970
300 _a465ورقة ؛
_c30سم
502 _aاطروحة(دكتوراه) - جامعة القاهرة - كلية الاداب - قسم اللغة العربية وادابها
700 0 _aسهير القلماوى :
_eمشرف
856 _uhttp://172.23.153.220/th.pdf
905 _aMustafa
_eRevisor
905 _aSamia
_eCataloger
942 _2ddc
_cTH
999 _c26916
_d26916